Keizai hatten riron /
Saved in:
| Main Author: | |
|---|---|
| Format: | Book |
| Language: | Japanese |
| Published: |
Tōkyō :
Tōyō Keizai Shinpōsha,
1979, Shōwa 60 [1985] printing.
|
| Series: | Keizaigaku nyūmon sōsho ;
10. |
| Subjects: | |
| Tags: |
Add Tag
No Tags, Be the first to tag this record!
|
| LEADER | 01115nam a2200313 i 4500 | ||
|---|---|---|---|
| 001 | 007748573-4 | ||
| 005 | 20024617122053.0 | ||
| 008 | 980325s1979 ja b 001 0 jpn | ||
| 010 | |a 79807302 /J | ||
| 015 | |a Ja79-3706 | ||
| 035 | 0 | |a ocm38844266 | |
| 040 | |a DLC |c *YNH* |d CStRLIN | ||
| 050 | 0 | 0 | |a HD85.J3 |b T65 |
| 100 | 1 | |6 880-01 |a Torii, Yasuhiko, |d 1936- | |
| 245 | 1 | 0 | |6 880-02 |a Keizai hatten riron / |c Torii Yasuhiko cho. |
| 260 | |6 880-03 |a Tōkyō : |b Tōyō Keizai Shinpōsha, |c 1979, Shōwa 60 [1985] printing. | ||
| 300 | |a viii, 299 p. : |b graphs ; |c 19 cm. | ||
| 490 | 1 | |6 880-04 |a Keizaigaku nyūmon sōsho ; |v 10 | |
| 504 | |a Bibliography: p. [283]-289. | ||
| 500 | |a Includes indexes. | ||
| 650 | 0 | |a Economic development. | |
| 880 | 1 | |6 100-01 |a 鳥居泰彦, |d 1936- | |
| 880 | 1 | 0 | |6 245-02 |a 経済発展理論 / |c 鳥居泰彦著. |
| 880 | |6 260-03 |a 東京 : |b 東洋経済新報社, |c 1979, 昭和60 [1985] printing. | ||
| 880 | 1 | |6 490-04 |a 経済学入門叢書 ; |v 10 | |
| 830 | 0 | |6 880-54 |a Keizaigaku nyūmon sōsho ; |v 10. | |
| 880 | 0 | |6 830-54 |a 経済学入門叢書 ; |v 10. | |
| 988 | |a 20021221 | ||
| 906 | |0 DLC | ||


